000 00392nam a2200157Ia 4500
008 210716s2019 xx 000 0 und d
020 _a9789389520620
041 _aeng
082 _a516.362 DUBK
100 _aDube, K K.
245 _aDifferential geometry and tensors.
250 _a1
260 _aNew Delhi
_bWiley India Pvt Ltd
_c2019
300 _axii,370
650 _aGeometry(516)
999 _c197286
_d197286